| 000 | 00328nam a2200109Ia 4500 | ||
|---|---|---|---|
| 008 | 180205s9999 xx 000 0 und d | ||
| 020 | _a97155420775 | ||
| 100 | _aPagoso, Cristobal M. | ||
| 245 | _aFundamental statistics for college students / | ||
| 260 |
_aManila, Philippines _bSinag-Tala publishers _c1978 |
||
| 300 | _a314 pages | ||
| 999 |
_c354848 _d354848 |
||